| 000 | 01131nam a2200265u 4500 | ||
|---|---|---|---|
| 001 | 22648 | ||
| 003 | BD-RjUL | ||
| 005 | 20211209000831.0 | ||
| 008 | 140309s1966 enkacd 001 0 eng | ||
| 035 | _a(BD-RjUL)22713 | ||
| 040 |
_aDLC _cCarP _dDLC _dBD-RjUL0 _beng |
||
| 041 | _aeng | ||
| 082 | 0 | 0 |
_a359.00941 _bMAF 1966 |
| 100 | 1 |
_aMarder, Arthur Jacob, _969912 |
|
| 245 | 1 | 0 |
_aFrom the dreadnought to Scapa Flow : _bthe Royal Navy in the Fisher era, 1904-1919 / _cArthur J. Marder. _pJutland and after (May 1916- December 1916). |
| 260 |
_aLondon ; _aNew York : _bOxford University Press, _cc1965 [Reprinted 1966] |
||
| 300 |
_axxiii, 307 p. : _bill. ; _c23 cm. |
||
| 500 | _aIncludes index. | ||
| 505 | 0 | _aVol. 1 (The road to war, 1904-1914)-- v. 2 (The war years : to the eve of Jutland)-- v. 3 (Jutland and after : May 1916-December 1916)-- | |
| 600 | 1 | 0 |
_aFisher, John Arbuthnot Fisher, _cBaron, _d1841-1920. _9148565 |
| 610 | 1 | 0 |
_aGreat Britain. _bRoyal Navy _9148531 |
| 650 | 0 |
_aWorld War, 1914-1918 _xNaval operations, British. _969915 |
|
| 651 | 0 |
_aGreat Britain _xHistory, Naval. [from old catalog] _969916 |
|
| 942 |
_2ddc _cBK |
||
| 999 |
_c22648 _d22648 |
||